000 01274nam a2200361 c 4500
999 _c92279
_d92279
003 BLK
005 20241003135148.0
008 180408b bul|||||r ||||||| ||bul||
010 _aKNG00097050000
020 _a978-954-92369-1-0
040 _aBLK
041 _aBUL
_cBUL
072 7 _2bullib
_aН84
_xБългарска художествена литература Н
072 7 _2bullib
_aРА
_xРусенски автори
080 _aБългарска литература
_b821.163.2
_x-32
_z821.163.2-32
100 1 _aНиколов, Венцеслав Михайлов
_d1943-
_eпърви автор
_9102597
139 _aНиколов, Венцеслав Михайлов
_bН 74
245 1 0 _aКрадци на сенки
_cВенцеслав Михайлов Николов.
257 _aBGR
260 _bМарс 09
_c2010
_fСофия : Симолини 94
300 _a140 с.
_c19 см
380 _aX
653 _aразкази
659 _aН
852 _aЦб 248913
852 _aК 821.163.2/Н 74 В
856 4 _qpdf
856 4 _qpdf
942 _cKNG
_n0
_s1
944 _aCR
_c20.09.2010
_lГеновева Генчева
_k30560
944 _aED
_c04.05.2015
_lф /
_kЛюдмила_Стоянова
999 _d92279